000 00873nam a2200277 c 4500
003 BLK
005 20180413121949.0
008 180408b bul|||||r ||||||| ||bul||
010 _aKNG00042878000
020 _a2-03-720265-2
_bиздат.: Larousse
040 _aBLK
041 _aFRE
_cFRE
080 _aИстория на Франция
_b944
_x(038.1)
_z944(038.1)
139 _aLes grandes dates de l'histoire de France
_bL 58
245 1 0 _aLes grandes dates de l'histoire de France
_bEvenements politiques, faits historiques et sociaux, civilisation
257 _aFRA
260 Paris
_bLarousse
_c1993
300 _a271 c., 16 л.
_bк.
_c17 cm
380 _a9
490 1 _aReferences Larousse
852 _aЦб І 27089
856 4 _qpdf
_u
856 4 _qpdf
_u
942 _cKNG
_n0
944 _aCR
_c15.01.2003
_kAB_DOS
944 _aED
_c08.02.2017
_kИвелин_Попов
999 _c39524
_d39524